export_success — 

Long-term secrets to short-term trading

Bibliographic Details
Main Author: Williams, Larry R.
Corporate Author: ProQuest (Firm)
Format: Electronic eBook
Language:English
Published: Hoboken, NJ : Wiley, c2012.
Edition:2nd ed.
Series:Wiley trading series.
Subjects:
Online Access:Click to View
LEADER 01307nam a2200397Ia 4500
001 EBC817520
003 MiAaPQ
005 20200520144314.0
006 m o d |
007 cr cn|||||||||
008 110808s2012 nju s 001 0 eng d
010 |z  2011032043 
020 |z 9780470915738 
020 |z 9781118184677 
035 |a (MiAaPQ)EBC817520 
035 |a (Au-PeEL)EBL817520 
035 |a (CaPaEBR)ebr10510478 
035 |a (CaONFJC)MIL333276 
035 |a (OCoLC)769101944 
040 |a MiAaPQ  |c MiAaPQ  |d MiAaPQ 
050 4 |a HG6046  |b .W539 2012 
082 0 4 |a 332.63/28  |2 23 
100 1 |a Williams, Larry R. 
245 1 0 |a Long-term secrets to short-term trading  |h [electronic resource] /  |c Larry Williams. 
250 |a 2nd ed. 
260 |a Hoboken, NJ :  |b Wiley,  |c c2012. 
300 |a xii, 300 p. 
490 1 |a Wiley Trading series 
500 |a Includes index. 
533 |a Electronic reproduction. Ann Arbor, MI : ProQuest, 2015. Available via World Wide Web. Access may be limited to ProQuest affiliated libraries. 
650 0 |a Commodity futures. 
650 0 |a Speculation. 
655 4 |a Electronic books. 
710 2 |a ProQuest (Firm) 
830 0 |a Wiley trading series. 
856 4 0 |u https://ebookcentral.proquest.com/lib/matrademy/detail.action?docID=817520  |z Click to View